Every State by Name Length - Statistics

General Stats
  • This quiz has been taken 44 times
    35 since last reset
  • The average score is 14 of 50
Answer Stats
Hint Answer % Correct
4 Ohio
88%
4 Utah
83%
4 Iowa
75%
5 Idaho
63%
6 Alaska
58%
5 Maine
54%
5 Texas
54%
7 Alabama
50%
6 Kansas
50%
7 Arizona
46%
8 Arkansas
42%
7 Florida
42%
6 Hawaii
42%
6 Oregon
42%
7 Georgia
33%
8 Kentucky
33%
6 Nevada
33%
7 Vermont
33%
7 Wyoming
33%
10 California
29%
8 Colorado
29%
8 Delaware
25%
7 Indiana
25%
7 Montana
25%
10 Washington
21%
8 Illinois
21%
9 Louisiana
21%
8 Maryland
21%
7 New York
21%
13 North Carolina
21%
13 South Carolina
21%
11 Connecticut
17%
11 Mississippi
17%
8 Missouri
17%
9 New Jersey
17%
13 Massachusetts
13%
8 Michigan
13%
8 Nebraska
13%
12 New Hampshire
13%
11 North Dakota
13%
12 Pennsylvania
13%
11 South Dakota
13%
8 Virginia
13%
12 West Virginia
13%
9 Minnesota
8%
9 New Mexico
8%
8 Oklahoma
4%
11 Rhode Island
4%
9 Wisconsin
4%
9 Tennessee
0%
No matching quizzes found
Score Distribution
Percent of People with Each Score
Percentile by Number Answered
Your Score History
You have not taken this quiz since the last reset